Asian Games Host Cities Quiz - Statistics

General Stats
  • This quiz has been taken 115 times
  • The average score is 16 of 20
Answer Stats
Year City % Correct
1958 Tokyo
98%
1962 Jakarta
97%
2018 Jakarta-Palembang
97%
1998 Bangkok
94%
1978 Bangkok
94%
1970 Bangkok
94%
1966 Bangkok
94%
1982 New Delhi
93%
1951 New Delhi
93%
1990 Beijing
91%
1986 Seoul
90%
1954 Manila
88%
2006 Doha
79%
2010 Guangzhou
77%
2002 Busan
66%
2026 Nagoya
62%
1974 Tehran
59%
2014 Incheon
58%
2022 Hangzhou
50%
1994 Hiroshima
37%
No matching quizzes found
Score Distribution
Percent of People with Each Score
Percentile by Number Answered
Your Score History
You have not taken this quiz